000 01617nam0a2200337 i 4500
001 RU\NLR\bibl\2069411
005 20260406070543.0
010 _a9785918520550
_91500
021 _aRU
_b2013-61388
_94212
035 _a(NLR Aleph) 002055787
090 _a4663128
_c4663128
100 _a20130906d2013 k y0rusy50 ca
101 0 _arus
102 _aRU
105 _aa |||||||||
200 1 _aЭволюция римской военной системы в I-III вв.
_e(от Августа до Диоклетиана)
_fА. В. Банников
210 _aСанкт-Петербург
_cЕвразия
_aМосква
_cКлио
_d2013
215 _a254 с., [24] л. ил., цв. ил., портр., карт.
_cил., портр., карт.
_d21
320 _aБиблиогр.: с. 183-194
320 _aБиблиогр. в примеч.: с. 201-251 (629 назв.)
606 1 _aВооруженные силы
_xИстория
_yРимская империя
_92236161
_3RU\NLR\auth\661341987
686 _aЦ4,8(0)1
700 1 _4070
_8rus
_7ca
_aБанников
_bА. В.
_cд-р ист. наук
_f1966-
_gАндрей Валерьевич
_3RU\NLR\auth\77115905
_998830
702 0 _4570
_8rus
_7ca
_aАвгуст
_cимператор римский
_f63 до н.э.-14 н.э.
_3RU\NLR\auth\7715780
_9125428
702 0 _4570
_8rus
_7ca
_aДиоклетиан
_cимператор римский
_f243-ок.313
_3RU\NLR\AUTH\779701
_9119513
801 0 _aRU
_bNLR
_c20130906
_gRCR
801 1 _aRU
_bNLR
_c20130906
942 _cBOOK
980 _aNBR